[Event "GER-chT U20 Girls"]
[Site "Hamburg"]
[Date "2001.12.29"]
[Round "6.2"]
[White "Glank, Corina"]
[Black "Wegener, Stefanie"]
[Result "1/2-1/2"]
[WhiteElo "1184"]
[BlackElo "1103"]
[PlyCount "48"]
[EventDate "2001.12.??"]
[EventType "team"]
[EventRounds "7"]
[EventCountry "GER"]
[SourceTitle "EXT 2003"]
[Source "ChessBase"]
[SourceDate "2002.11.25"]
[SourceVersion "1"]
[SourceVersionDate "2002.11.25"]
[SourceQuality "1"]

1. e4 c6 2. Nc3 d5 3. d4 e6 4. g3 Nf6 5. Bg2 Bb4 6. e5 Ne4 7. Bd2 Nxc3 8. Bxc3 Bxc3+ 9. bxc3 Nd7 10. Qg4 g6 11. Ne2 h5 12. Qf3 Nb6 13. 0-0 Bd7 14. Rab1 Qc7 15. Rb3 0-0-0 16. Qxf7 g5 17. f4 Rdf8 18. Qg7 g4 19. h3 Rfg8 20. Qf7 Qd8 21. Rf2 Qf8 22. Qxf8+ Rxf8 23. h4 Nc4 24. Nc1 Ne3 1/2-1/2

[Event "GER-chT U20 Girls"]
[Site "Hamburg"]
[Date "2001.12.28"]
[Round "4.2"]
[White "Glank, Corina"]
[Black "Hinske, Sara"]
[Result "0-1"]
[WhiteElo "1184"]
[BlackElo "1220"]
[PlyCount "74"]
[EventDate "2001.12.??"]
[EventType "team"]
[EventRounds "7"]
[EventCountry "GER"]
[SourceTitle "EXT 2003"]
[Source "ChessBase"]
[SourceDate "2002.11.25"]
[SourceVersion "1"]
[SourceVersionDate "2002.11.25"]
[SourceQuality "1"]

1. e4 d6 2. Nf3 c5 3. Bc4 g6 4. d4 Nd7 5. b3 Bg7 6. Bb2 a6 7. a4 Ngf6 8. Qe2 Nb6 9. Ng5 e6 10. e5 Nfd7 11. f4 cxd4 12. Nf3 dxe5 13. fxe5 Nxc4 14. bxc4 Qa5+ 15. Nbd2 Nxe5 16. Nxe5 Bxe5 17. 0-0 Qc5 18. Qf2 0-0 19. Nb3 Qxc4 20. Nxd4 Bg7 21. c3 Bd7 22. Ba3 Qxc3 23. Kh1 Qxd4 24. Rad1 Qxf2 25. Rxf2 Bxa4 26. Rdd2 Rfd8 27. Be7 Re8 28. Bf6 Bxf6 29. Rxf6 Rad8 30. Rff2 Rd7 31. h3 Red8 32. Ra2 b5 33. Rf3 e5 34. Kg1 f5 35. g3 Rd1+ 36. Kg2 R8d2+ 37. Rf2 Rxa2 0-1

[Event "GER-chT U20 Girls"]
[Site "Hamburg"]
[Date "2001.12.27"]
[Round "2.2"]
[White "Stoehr, Friederike"]
[Black "Glank, Corina"]
[Result "1-0"]
[WhiteElo "1462"]
[BlackElo "1184"]
[PlyCount "45"]
[EventDate "2001.12.??"]
[EventType "team"]
[EventRounds "7"]
[EventCountry "GER"]
[SourceTitle "EXT 2003"]
[Source "ChessBase"]
[SourceDate "2002.11.25"]
[SourceVersion "1"]
[SourceVersionDate "2002.11.25"]
[SourceQuality "1"]

1. Nf3 d5 2. g3 Nf6 3. Bg2 Nc6 4. 0-0 e5 5. d3 Bc5 6. Nbd2 0-0 7. e4 d4 8. Nc4 Re8 9. Nh4 g6 10. Bg5 Be6 11. Nd2 Bf8 12. f4 h6 13. Bxf6 Qxf6 14. f5 gxf5 15. Nxf5 Bxf5 16. Rxf5 Qg6 17. Nf3 Bg7 18. Nh4 Qh7 19. Qg4 Rf8 20. Rh5 Kh8 21. Nf5 Rg8 22. Qh3 Qg6 23. Nxh6 1-0